00360nam a22001457a 4500003000400000020001800004082001200022100001600034245004100050260002900091300000800120650005700128942001200185999001700197SGT a9788184575774 a362,KUM aKUMAR SUDIP aDRASTIBADHIT VIDHARTHIYON KI SAMASYA aNEW DELHIbKANISKAc2021 a153 a Social problems of and services to groups of people 2ddccBK c26663d26663